| 000 | 01069cam a22003015i 4500 | ||
|---|---|---|---|
| 003 | EG-ScBUE | ||
| 005 | 20250206100315.0 | ||
| 008 | 090818s2025 ua f 0000 f ara d | ||
| 017 | _a2024 / 25924 | ||
| 020 | _a9789779924366 | ||
| 040 |
_aEG-ScBUE _bara _erda _cEG-ScBUE _dEG-ScBUE |
||
| 082 | 0 | 4 |
_a892.737 _bع ب د _222 |
| 100 | 1 |
_aعبد الحميد، عمرو، _eمؤلف. |
|
| 245 | 1 | 0 |
_aواحة اليعقوب : _bرواية / _cعمرو عبد الحميد. |
| 250 | _aالطبعة السابعة والعشرون. | ||
| 264 | 1 |
_aالقاهرة : _bعصير الكتب للنشر والتوزيع، _c2025. |
|
| 300 |
_a303 صفحة ؛ _c20 سم |
||
| 336 |
_aنص _btxt _2rdacontent |
||
| 337 |
_aبدون وسيط _bn _2rdamedia |
||
| 338 |
_aمجلد _bnc _2rdacarrier |
||
| 500 | _aمؤلف السلسلة الأكثر مبيعا أرض زيكولا. | ||
| 541 | _aBook Fair 2025. | ||
| 650 | 7 |
_aالقصص العربية _yقرن 21. _2BUEsh |
|
| 651 | _2BUEsh | ||
| 653 |
_bARALIT _cFebruary2025 |
||
| 655 | _vReading book | ||
| 942 |
_2ddc _cBB |
||
| 999 |
_c30869 _d30840 |
||